Anuario de diseño (Record no. 20286)

MARC details
000 -CABECERA
campo de control de longitud fija 00909nam a2200265 4500
003 - IDENTIFICADOR DEL NÚMERO DE CONTROL
campo de control OSt
005 - FECHA Y HORA DE LA ÚLTIMA TRANSACCIÓN
campo de control 20260601171006.0
008 - DATOS DE LONGITUD FIJA--INFORMACIÓN GENERAL
campo de control de longitud fija 260501b2003\\\\ag\a||||\||||\00|\0\spa\d
020 ## - NÚMERO INTERNACIONAL ESTÁNDAR DEL LIBRO
Número Internacional Estándar del Libro 9502908945
040 ## - FUENTE DE LA CATALOGACIÓN
Centro catalogador/agencia de origen ICI
Lengua de catalogación spa
Centro/agencia transcriptor ICI
041 ## - CÓDIGO DE LENGUA
Código de lengua del texto/banda sonora o título independiente spa
050 ## - SIGNATURA TOPOGRÁFICA DE LA BIBLIOTECA DEL CONGRESO
Número de clasificación NK1431
Número de documento/Ítem A58 2003
100 #1 - ENTRADA PRINCIPAL--NOMBRE DE PERSONA
Nombre de persona Arq Victoria Miglori
9 (RLIN) 32294
110 ## - ENTRADA PRINCIPAL--NOMBRE DE ENTIDAD CORPORATIVA
Nombre de entidad corporativa o nombre de jurisdicción como elemento de entrada Universidad de Buenos Aires.
Unidad subordinada Facultad de Arquitectura, Diseño y Urbanismo
9 (RLIN) 32295
245 #1 - MENCIÓN DE TÍTULO
Título Anuario de diseño
264 ## - PRODUCCIÓN, PUBLICACIÓN, DISTRIBUCIÓN, FABRICACIÓN Y COPYRIGHT
Producción, publicación, distribución, fabricación y copyright Buenos Aires :
Nombre del de productor, editor, distribuidor, fabricante Universidad de Buenos Aires. Facultad de Arquitectura, Diseño y Urbanismo,
Fecha de producción, publicación, distribución, fabricación o copyright 2003
300 ## - DESCRIPCIÓN FÍSICA
Extensión 304 páginas :
Otras características físicas ilustraciones
336 ## - TIPO DE CONTENIDO
Término de tipo de contenido texto
Fuente rdacontent
337 ## - TIPO DE MEDIO
Nombre/término del tipo de medio sin medio
Fuente rdamedia
338 ## - TIPO DE SOPORTE
Nombre/término del tipo de soporte volumen
Fuente rdacarrier
650 #1 - PUNTO DE ACCESO ADICIONAL DE MATERIA--TÉRMINO DE MATERIA
Término de materia o nombre geográfico como elemento de entrada Diseño gráfico
Subdivisión de forma Catálogos
Subdivisión geográfica Argentina
9 (RLIN) 32296
650 #2 - PUNTO DE ACCESO ADICIONAL DE MATERIA--TÉRMINO DE MATERIA
Término de materia o nombre geográfico como elemento de entrada Diseño industrial
Subdivisión geográfica Argentina
9 (RLIN) 32297
650 #2 - PUNTO DE ACCESO ADICIONAL DE MATERIA--TÉRMINO DE MATERIA
Término de materia o nombre geográfico como elemento de entrada Diseño de indumentaria
Subdivisión geográfica Argentina
9 (RLIN) 32298
942 ## - ELEMENTOS DE PUNTO DE ACCESO ADICIONAL (KOHA)
Fuente del sistema de clasificación o colocación Library of Congress Classification
Tipo de ítem Koha Libros
Suprimir en OPAC 1

No items available.